00973nam a2200229 a 450000100060000000300080000600500170001400800410003103500190007204000350009104100080012608200260013410000330016024502100019326000800040330000370048350200860052050400300060665000190063670000490065570000390070484267BD-RjUL20241110102154.0241110s2022 bg a|||| m||| 00| 0 eng d a(BD-RjUL)84267 aBD-RjULbengcBD-RjULdBD-RjUL aeng 223a571.978bABO 2022 aAbbasi, M M Alamgir Siddique10aOral Health and Knowledge of oral Care Among Cancer Patients During Radio or Chemotherapy /cBy M M Alamgir Siddique Abbasi ;6Principal Supervisor : S. M. Shahinul Islam, Co-Supervisor : Mir. Nowazesh Ali aRajshahi :bInstitute of Biological Sciences, University of Rajshahi,c2022 axv, 103 Leaves :bill, ;c29 cm. aThesis (Ph. D.) -- Institute of Biological Sciences, University of Rajshahi, 2022 aReferences : Leaves 82-92 aTumorsvCancer aIslam, S. M. Shahinul, Principal Supervisor  aAli, Mir. Nowazesh, Co-Supervisor